Central Library OPAC University of Rajshahi

বিশ শতকের বাংলা, সেমিনার খণ্ড =twentieth century Bengal, Seminar Volume / (Record no. 70709)

MARC details
000 -LEADER
fixed length control field 01274nam a2200265 a 4500
001 - CONTROL NUMBER
control field 70709
003 - CONTROL NUMBER IDENTIFIER
rucl marc code BD-RjUL
005 - DATE AND TIME OF LATEST TRANSACTION
control field 20211209082030.0
008 - FIXED-LENGTH DATA ELEMENTS--GENERAL INFORMATION
fixed length control field 170419s2010 bg |||| |||| 000 0 ben d
020 ## - INTERNATIONAL STANDARD BOOK NUMBER
International Standard Book Number 9789843314925
Terms of availability : Tk. 1000.00
035 ## - SYSTEM CONTROL NUMBER
System control number (BD-RjUL)70923
040 ## - CATALOGING SOURCE
Original cataloging agency BD-RjUL
Language of cataloging ben=eng
Transcribing agency BD-RjUL
Modifying agency BD-RjU
041 ## - LANGUAGE CODE
Language code of text/sound track or separate title ben=eng
082 ## - DEWEY DECIMAL CLASSIFICATION NUMBER
Edition number 23
Classification number 954.9205
Author mark and year BIS 2010
245 10 - TITLE STATEMENT
Title বিশ শতকের বাংলা, সেমিনার খণ্ড =twentieth century Bengal, Seminar Volume /
Statement of responsibility, etc. প্রধান সম্পাদক: মো. মাহবুবর রহমান ও সম্পাদক: স্বরোচিষ সরকার
260 ## - PUBLICATION, DISTRIBUTION, ETC. (IMPRINT)
Place of publication, distribution, etc. রাজশাহী :
Name of publisher, distributor, etc. আই. বি. এস.,
Date of publication, distribution, etc. ২০১০
300 ## - PHYSICAL DESCRIPTION
Pagination ৯৫৯ পৃ. ;
Size ২৭ সেমি.
651 ## - SUBJECT ADDED ENTRY--GEOGRAPHIC NAME
Geographic name বাংলাদেশ
General subdivision ইতিহাস
Chronological subdivision ২০ শতক
9 (RLIN) 209297
Geographic name Bangladesh
General subdivision History
Chronological subdivision 20th Century
9 (RLIN) 209298
700 1# - ADDED ENTRY--PERSONAL NAME
Personal name রহমান, মো. মাহবুবর, প্রধান সম্পাদক
Personal name Rahman, Md. Mahbubur, chief ed.
Personal name সরকার, স্বরোচিষ, সম্পাদক
Personal name Sarker, Swarochis, ed.
942 ## - ADDED ENTRY ELEMENTS (KOHA)
Source of classification or shelving scheme Dewey Decimal Classification
Koha item type Books
Holdings
Lost status Source of classification or shelving scheme Damaged status Not for loan Collection code Permanent Location Current Location Shelving location Date acquired Source of acquisition Cost, normal purchase price Total Checkouts Full call number Date last seen Copy number Koha item type Date checked out
  Dewey Decimal Classification   Not For Loan Non-fiction Central Library, University of Rajshahi Central Library, University of Rajshahi Reading Room 20/05/2010 I. B. S. 1000.00   B 954.9205 BIS 2010 19/04/2017 C-1 Books  
  Dewey Decimal Classification     Non-fiction Central Library, University of Rajshahi Central Library, University of Rajshahi   20/05/2010 Rajshahi University, I. B. S. 1000.00 1 B 954.9205 BIS 2010 24/02/2020 C-2 Books 12/02/2020
  Dewey Decimal Classification     Non-fiction Central Library, University of Rajshahi Central Library, University of Rajshahi   20/05/2010 Rajshahi University, I. B. S. 1000.00   B 954.9205 BIS 2010 05/11/2019 C-3 Books  
  Dewey Decimal Classification     Non-fiction Central Library, University of Rajshahi Central Library, University of Rajshahi   20/05/2010 Rajshahi University, I. B. S. 1000.00   B 954.9205 BIS 2010 05/11/2019 C-4 Books  
  Dewey Decimal Classification     Non-fiction Central Library, University of Rajshahi Central Library, University of Rajshahi   20/05/2010 Rajshahi University, I. B. S. 1000.00   B 954.9205 BIS 2010 05/11/2019 C-5 Books